Educar y convivir en la cultura global: las exigencias de la ciudadanía.
Guardat en:
| Autor principal: | |
|---|---|
| Format: | Llibre |
| Idioma: | espanyol |
| Publicat: |
Madrid, España:
Ediciones Morata,
2001.
|
| Col·lecció: | Pedagogía
|
| Matèries: | |
| Etiquetes: |
Afegir etiqueta
Sense etiquetes, Sigues el primer a etiquetar aquest registre!
|
MARC
| LEADER | 00000nam a2200000 a 4500 | ||
|---|---|---|---|
| 001 | UCL8167 | ||
| 003 | CL-VaPUC | ||
| 005 | 20230705150754.0 | ||
| 008 | 040611e20010000SP |||||||||||||||||spa|d | ||
| 999 | |c 309609 |d 309607 | ||
| 020 | |a 978-84-7112-466-1 | ||
| 040 | |c Pontificia Universidad Católica de Valparaíso | ||
| 082 | 0 | 4 | |a 306.43 GIM 2001 |2 21 |
| 100 | |a Gimeno Sacristán, José |9 814227 |e autor | ||
| 245 | 1 | 0 | |a Educar y convivir en la cultura global: las exigencias de la ciudadanía. |
| 260 | |a Madrid, España: |b Ediciones Morata, |c 2001. | ||
| 300 | |a 286 páginas. | ||
| 490 | 0 | |a Pedagogía | |
| 500 | |a c.6 Donación Escuela Pedagogía PUCV. Mayo 2023. | ||
| 583 | |a last modification |c 20040611 00:00:00 |k Rodrigo Vera | ||
| 650 | 0 | |a Sociología de la educación |x Globalización |9 260380 | |
| 650 | 0 | |a Desarrollo económico y social |9 256320 | |
| 942 | |c BK |2 ddc | ||
| 945 | |d 20040611 00:00:00 |a cmena | ||
| 952 | |0 0 |1 0 |2 ddc |4 0 |6 306_430000000000000_GIM_2001 |7 0 |8 A |9 377210 |a BIBEDU |b BIBEDU |d 2019-11-21 |i 4025857 |o 306.43 GIM 2001 |p 4025857 |r 2019-11-21 |t 1 |w 2019-11-21 |y BK |k EBA | ||
| 952 | |0 0 |1 0 |2 ddc |4 0 |6 306_430000000000000_GIM_2001 |7 0 |8 A |9 377211 |a BIBEDU |b BIBEDU |d 2019-11-21 |i 4065425 |o 306.43 GIM 2001 |p 4065425 |r 2019-11-21 |t 2 |w 2019-11-21 |y BK |k PAR | ||
| 952 | |0 0 |1 0 |2 ddc |4 0 |6 306_430000000000000_GIM_2001 |7 0 |8 A |9 377212 |a BIBEDU |b BIBEDU |d 2019-11-21 |i 4144694 |o 306.43 GIM 2001 |p 4144694 |r 2019-11-21 |t 3 |w 2019-11-21 |y BK |k EDU | ||
| 952 | |0 0 |1 0 |2 ddc |4 0 |6 306_430000000000000_GIM_2001 |7 0 |8 A |9 377213 |a BIBEDU |b BIBEDU |d 2019-11-21 |i 4178513 |o 306.43 GIM 2001 |p 4178513 |r 2019-11-21 |t 4 |w 2019-11-21 |y BK |k EDU | ||
| 952 | |0 0 |1 0 |2 ddc |4 0 |6 306_430000000000000_GIM_2001 |7 0 |8 A |9 562189 |a BIBEDU |b BIBEDU |d 2020-03-30 |i 5618290 |o 306.43 GIM 2001 |p 5618290 |r 2020-03-30 |t 5 |w 2020-03-30 |y BK |k EPE | ||
| 952 | |0 0 |1 0 |2 ddc |4 0 |6 306_430000000000000_GIM_2001 |7 0 |8 A |9 590663 |a BIBEDU |b BIBEDU |c GEN |d 2023-07-05 |e Donación |i 5657866 |o 306.43 GIM 2001 |p 5657866 |r 2023-07-05 |t 6 |w 2023-07-05 |y BK |k EBA | ||